000 00769na a2200265 4500
001 16795
003 MIRAKIL
005 20181213154858.0
008 161017b tu 000 0
020 _a9756194027
040 _aMilas
_btur
_cTR-AnCHP
041 _atur
082 _a345.02632
_bA67g 2009
090 _a345.02632 A67g 2009
100 _aArtuk, Mehmet Emin
_d1948-
245 _aGerekçeli ceza kanunları
_cMehmet Emin Artuk, Ahmet Gökcen, A. Caner Yenidünya
250 _a8. bs.
260 _aAnkara
_bTurhan
_c2009
300 _axviii, 1011 s.
_c20 sm.
650 _aTürk Ceza Kanunu (TCK)
650 _aCeza hukuku
_xKanunlar ve yönetmelikler
_zTürkiye
700 _aYenidünya, A. Caner
700 _aGökçen, Ahmet
942 _2ddc
_cBKS
999 _c2473
_d2473